000
00205 a2200097 4500
001
19285
100
_a
Green, D R
245
_a
Educatinal psychology
260
_a
_b
Mc Graw Hill
_c
090
_c
14161
_d
14161
942
_a
NUST-CAE
_c
M
_c
4627
999
_c
254358
_d
254358